| 000 | 00807nam a22002531 4500 | ||
|---|---|---|---|
| 001 | bimo0000800793 | ||
| 003 | OSt | ||
| 005 | 20140730213003.0 | ||
| 008 | 900725s1973 sp spa | ||
| 017 |
_aM 30341-1973 _bOficina Depósito Legal Madrid |
||
| 020 | _a84-239-1546-8 | ||
| 035 | _aIND9100251139 | ||
| 035 | _a(OCoLC)431756672 | ||
| 040 |
_aSpMaBN _cBMC |
||
| 082 | _a920 Woodstock, Edward | ||
| 100 |
_9783 _aDupuy, Micheline |
||
| 245 | 1 | 3 |
_aEl príncipe negro _b: Eduardo, señor de Aquitania _cMicheline Dupuy ; [traducción de Gloria Alonso de Jáuregui] |
| 260 | 0 |
_aMadrid _bEspasa-Calpe _c1973 |
|
| 300 |
_a254 p. _c18 cm |
||
| 490 | 0 |
_aAustral _v1546 |
|
| 600 |
_9772 _aWoodstock, Edward _cPrince of Wales _d1330-1376 |
||
| 700 |
_9708 _aAlonso de Jáuregui, Gloria |
||
| 942 |
_2ddc _cBK |
||
| 999 |
_c647 _d647 |
||